| 000 | 01110nam a22001817a 4500 | ||
|---|---|---|---|
| 008 | 100224s2009 gw|||||r|||| 000 0 eng d | ||
| 020 | _a9783838315782 | ||
| 082 |
_222 _bEID _a338.9 |
||
| 245 |
_aSustainable Development & Project Management: _bRethinking Relationships in the Construction Industry; Integrating Sustainable Development(SD) into Project Management (PM) Processes/ _cMohamed Eid |
||
| 260 |
_aCologne: _bLambert Academic Pub., 2009 _c2009 |
||
| 300 |
_a381 p.: _bill.; _c21 cm. |
||
| 650 |
_911927 _aSustainable development |
||
| 650 |
_910495 _aEconomic development. |
||
| 942 |
_2ddc _cNB |
||
| 999 |
_c13506 _d13506 |
||